Statistics for Supermarket or Store Chains in the World

Click here to take the quiz!

General Stats

  • This quiz has been taken 33 times
  • The average score is 13 of 20

Answer Stats

HintAnswer% Correct
WalmartUnited States
96%
AldiGermany
93%
GucciItaly
93%
IkeaSweden
89%
MercadonaSpain
86%
AlibabaChina
79%
DixyRussia
71%
ItauBrazil
68%
OxxoMexico
68%
MyntraIndia
64%
BIMTurkey
64%
London DrugsCanada
61%
BillaAustria
57%
Omar EffendiEgypt
57%
Proma HypermarketIran
54%
Ada SupermarketIndonesia
43%
JumboChile
39%
ExitoColombia
36%
AlepaFinland
32%
GomexSerbia
11%

Score Distribution

Percentile by Number Answered

Percent of People with Each Score

Your Score History

You have not taken this quiz